Sports Quiz

Random Sports or Football Quiz
Score 0/20 Timer 06:00
0 Plays Today
Position/Nationalité Joueur % Correct
Milieu - BELMarouane Fellaini
97.7%
Milieu - BELAxel Witsel
90.4%
Milieu - BELSteven Defour
86%
Défenseur - BELDaniel Van Buyten
85.4%
Milieu - ROURazvan Marin
82.9%
Ailier - MARMehdi Carcela
77.4%
Attaquant - BELMichy Batshuayi
77.1%
Attaquant - CODDieumerci Mbokani
75.9%
Ailier - MLIMoussa Djenepo
74.3%
Défenseur - FRAEliaquim Mangala
73.5%
Position/Nationalité Joueur % Correct
Attaquant - BELRenaud Emond
70.8%
Attaquant - POROrlando Sa
65.8%
Attaquant - BELEmile Mpenza
62.7%
Milieu - FRAWilliam Vainqueur
61.1%
Attaquant - ALGIshak Belfodil
60.7%
Défenseur - CODChristian Luyindama
58.5%
Attaquant - NGAImoh Ezekiel
56.8%
Milieu - CODPaul-José Mpoku
56.6%
Attaquant - BELIgor de Camargo
51.4%
Gardien - URUFabian Carini
35.8%
Remove Ads.
Support Sporcle.
Get the best of Sporcle when you Go Orange. This ad-free experience offers more features, more stats, and more fun while also helping to support Sporcle. Thank you for becoming a member.

You're not logged in!

Compare scores with friends on all Sporcle quizzes.
OR
Log In

Sporcle TV

Today on Sporcle TV


Watch our educational content, quiz creation guides, and fun videos on Sporcle TV.

Show Comments

Extras

Top Quizzes Today


Score Distribution

Paid Content

Your Account Isn't Verified!

In order to create a playlist on Sporcle, you need to verify the email address you used during registration. Go to your Sporcle Settings to finish the process.

Report this User

Report this user for behavior that violates our Community Guidelines.

Details: